zpět

Detail výsledku týmu

Šnyt, Šternberk

Datum a čas kvízu

30.5 Celkem bodů Celkový počet nahraných bodů na tomto kvízu bez doplňovacích otázek.
3. Pořadí na kvízu Konečné umístění týmu na tomto kvízu.

Zaznamenané odpovědi

# Otázka Odpověď Body Výsledky
1. Ve středu schválil Senát tři n... Daniela Zemanová, Josef Baxa, Jan Wintr 0
2. Britský inženýr Michael Wallhe... popelnici 1
3. O víkendu proběhl v Plzni hud... Metalfest (Open Air) 0
4. 56letý politik a advokát Zdeně... Hospodářská komora (ČR) 1
5. Ze kterého města pochází tým,... z Opavy 1
6. Pánové Svěrák, Smoljak a Cimrm... Václav IV. (Lucemburský) 1
7. Napište jméno českého národníh... Miroslav Tyrš 0
8. Historicky nejstarší postavou... 12. století (11. a 13. za půlbod) 0.5
9. Významní Češi získali od svého... C 1
10. Své místo v Českém nebi má tak... Koňský trh, Dobytčí trh 0.5